| 000 | 01077cam a22003014a 4500 | ||
|---|---|---|---|
| 999 |
_c23369 _d23369 |
||
| 001 | 149930 | ||
| 003 | OSt | ||
| 005 | 20170126095940.0 | ||
| 008 | 980707s1998 nyua 001 0 eng | ||
| 010 | _a 98086819 | ||
| 020 | _a0823012018 | ||
| 040 |
_aDLC _cDLC _dDLC |
||
| 042 | _apcc | ||
| 050 | 0 | 0 |
_aNC999.4.G77 _bF37 1998 |
| 100 | 1 | _aFarrelly, Liz. | |
| 245 | 1 | 0 |
_aApril Greiman : _bfloating ideas into time and space / _cLiz Farrelly. |
| 260 |
_aNew York : _bWatson-Guptill Publications, _c1998. |
||
| 300 |
_a64 p. : _bill. (some col.) ; _c22 cm. |
||
| 490 | 1 | _aCutting edge | |
| 500 | _aIncludes index. | ||
| 600 | 1 | 0 |
_aGreiman, April _xCriticism and interpretation. |
| 700 | 1 | _aGreiman, April. | |
| 830 | 0 | _aCutting edge (Watson-Guptill Publications) | |
| 906 |
_a7 _bcbc _corignew _d2 _eopcn _f19 _gy-gencatlg |
||
| 942 |
_2lcc _cBOOKS _hNC 999.4 .G77F37 1998 |
||